La representación adecuada en torno al proceso penal juvenil, principio de no regresión y desafíos a diez años del nuevo Código Civil y Comercial / (Registro nro. 6253)
[ vista simple ]
| 000 -LEADER | |
|---|---|
| fixed length control field | 01628nab a22002177a 4500 |
| 003 - CONTROL NUMBER IDENTIFIER | |
| control field | OSt |
| 005 - DATE AND TIME OF LATEST TRANSACTION | |
| control field | 20260128020637.0 |
| 008 - FIXED-LENGTH DATA ELEMENTS--GENERAL INFORMATION | |
| fixed length control field | 190514b xxu||||| |||| 00| 0 spa d |
| 040 ## - CATALOGING SOURCE | |
| Transcribing agency | PJ |
| 100 ## - MAIN ENTRY--PERSONAL NAME | |
| 9 (RLIN) | 6964 |
| Personal name | Beas, Verónica M. |
| 245 13 - TITLE STATEMENT | |
| Title | La representación adecuada en torno al proceso penal juvenil, principio de no regresión y desafíos a diez años del nuevo Código Civil y Comercial / |
| Statement of responsibility, etc | Verónica M. Beas, Hernán Franco Papa. |
| 300 ## - PHYSICAL DESCRIPTION | |
| Extent | p. 4-11 |
| 500 ## - GENERAL NOTE | |
| General note | Cita: TR LALEY AR/DOC/2506/2025. |
| 505 ## - FORMATTED CONTENTS NOTE | |
| Formatted contents note | Sumario: I. Introducción.— II. Breve contextualización: vigencia de la ley 22.278 desde 1980 y paradigma tutelarista.— III. Reconocimiento internacional de los adolescentes como sujetos de derecho.— IV. La paradoja: normas superadoras en el campo civil y de infancia vs. subsistencia del régimen penal juvenil anacrónico.— V. El art. 103 del Cód. Civ. y Com. y su aplicación en el proceso penal juvenil.— VI. La jurisprudencia y la doctrina ante el desfase normativo.— VII. El principio de no regresión en materia penal juvenil.— VIII. Representación complementaria y garantía estructural.— IX. Necesaria articulación de roles.— X. Desconocimiento y subutilización del art. 103 en el fuero penal juvenil.— XI. Conclusiones. |
| 505 ## - FORMATTED CONTENTS NOTE | |
| Title | Si te interesa el texto, comunicate a koha@justierradelfuego.gov.ar |
| 650 #0 - SUBJECT ADDED ENTRY--TOPICAL TERM | |
| 9 (RLIN) | 967 |
| Topical term or geographic name as entry element | DERECHO DE FAMILIA |
| 650 #0 - SUBJECT ADDED ENTRY--TOPICAL TERM | |
| 9 (RLIN) | 1497 |
| Topical term or geographic name as entry element | CODIGO CIVIL Y COMERCIAL |
| 700 ## - ADDED ENTRY--PERSONAL NAME | |
| 9 (RLIN) | 5647 |
| Personal name | Papa, Hernán Franco |
| 773 0# - HOST ITEM ENTRY | |
| Host Biblionumber | 2844 |
| Host Itemnumber | 3222 |
| Place, publisher, and date of publication | Buenos Aires : AbeledoPerrot, 1989- |
| Title | Derecho de familia. N° 122 - Noviembre 2025 |
| International Standard Book Number | 18511201 |
| 942 ## - ADDED ENTRY ELEMENTS (KOHA) | |
| Source of classification or shelving scheme | |
| Koha item type | Analítica Artículo de Revista |
No hay ítems disponibles.
